| 000 | 00482nam a2200181Ia 4500 | ||
|---|---|---|---|
| 003 | OSt | ||
| 005 | 20251208123018.0 | ||
| 008 | Pun | ||
| 037 | _cTB | ||
| 040 |
_aARTS _cARTS _bPun |
||
| 041 |
_2Pun _aPun |
||
| 100 |
_aਸੁਖਬੀਰ _9855189 |
||
| 245 | 0 | _aਲੋਰੀ | |
| 260 | _c1955 | ||
| 650 |
_aਪੰਜਾਬੀ ਸਾਹਿਤ _9855190 |
||
| 942 |
_hO153,3N332x M8 _cTB _2CC _n0 |
||
| 999 |
_c384967 _d384967 |
||